00391nam a22001457a 450000500170000000800410001702000150005804100120007308200130008510000120009824500280011026000560013830000250019465000260021920240822131012.0240822b |||||||| |||| 00| 0 eng d a0409035106 aEnglish a349 LAW  lEnglish aThe Lawyer's Pocketbook aDurban: bButterworth Publishers (Pty) Ltd, c2004  b358 pages; c25 cm.  aLegal practice bLaw